000 00756nam a2200133Ia 4500
008 171212s9999 xx 000 0 und d
020 _a9780833034946
100 _aCragin, Kim;Daly, Sara A.;Everingham, Susan S.;Hoube, Jill;Kilburn, M. Rebecca;Marcum, Cheryl Y.
245 _cCragin, Kim;Daly, Sara A.;Everingham, Susan S.;Hoube, Jill;Kilburn, M. Rebecca;Marcum, Cheryl Y.
_aThe Dynamic Terrorist Threat
_bAn Assessment of Group Motivations and Capabilities in a Changing World
260 _bRAND Corporation
_c2004
650 _aPolitical Science
650 _aTerrorism; Terrorists; Terrorism -- United States -- Prevention; Threats -- United States -- Prevention; Behavioral assessment -- United States
856 _uwww.jstor.org/stable/10.7249/mr1782af
999 _c352640
_d352640